Polarizados politizados y en airada ebullición /

保存先:
書誌詳細
第一著者: Alonso, Jorge
フォーマット: テキスト
タグ: タグ追加
タグなし, このレコードへの初めてのタグを付けませんか!

MARC

LEADER 00000 a a2200000 04500
001 45308
003
040
100 |a Alonso, Jorge  
245 |a Polarizados politizados y en airada ebullición /  |c Jorge Alonso  
773 |g volumen26, número302 ( , 2007), páginas 33-38  
999 |c 29157  |d 29157